书目信息 |
| 题名: |
世界人文地理手册
|
|
| 作者: | 毛汉英 , 刘伉 编 | |
| 分册: | ||
| 出版信息: | 北京 知识出版社 1984 |
|
| 页数: | 366页 | |
| 开本: | 19cm | |
| 丛书名: | ||
| 单 册: | ||
| 中图分类: | K91-62 , K91 | |
| 科图分类: | ||
| 主题词: | 人文地理--世界--手册 | |
| 电子资源: | ||
| ISBN: | ||
| 000 | 00631nam0 2200241 450 | |
| 001 | 1547886497 | |
| 005 | 20150126131926.01 | |
| 010 | @dCNY1.18 | |
| 091 | @a12214.2 | |
| 100 | @a19960215d1984 em y0chiy0110 ea | |
| 101 | 0 | @achi |
| 102 | @aCN@b110000 | |
| 105 | @ay z 000yy | |
| 200 | 1 | @a世界人文地理手册@9shi jie ren wen di li shou ce@f毛汉英,刘伉编 |
| 210 | @a北京@c知识出版社@d1984 | |
| 215 | @a366页@d19cm | |
| 606 | 0 | @a人文地理@y世界@x手册 |
| 690 | @aK91-62@v5 | |
| 690 | @aK91@v4 | |
| 701 | 0 | @a毛汉英@9mao han ying@4编 |
| 701 | 0 | @a刘伉@9liu kang@4编 |
| 801 | 0 | @aCN@bTSSF@c20150126 |
| 905 | @aZUCC@dK91@eJY4 | |
| 世界人文地理手册/毛汉英,刘伉编.-北京:知识出版社,1984 |
| 366页;19cm |
| ISBN :CNY1.18 |
| ● |
| 相关链接 |
|
|
|
|
正题名:世界人文地理手册
索取号:K91/JY4
 
预约/预借
| 序号 | 登录号 | 条形码 | 馆藏地/架位号 | 状态 | 备注 |
| 1 | 7838833 | 278388335 | 学院路分馆/ [索取号:K91/JY4] | 在馆 | |
| 2 | 7838834 | 278388344 | 学院路分馆/ [索取号:K91/JY4] | 在馆 | |
| 3 | 7838835 | 278388353 | 学院路分馆/ [索取号:K91/JY4] | 在馆 | |
| 4 | 7838836 | 278388362 | 学院路分馆/ [索取号:K91/JY4] | 在馆 |